[Event "Sparkassen-Open B"]
[Site "Heusenstamm, Martinsee"]
[Date "2016.11.27"]
[Round "3.1"]
[White "Sikorra, Philipp"]
[Black "Peteani, Damien"]
[Result "1/2-1/2"]
[WhiteElo "1790"]
[BlackElo "1679"]
[PlyCount "74"]
[EventDate "2016.??.??"]
[WhiteTeam "SC Ladja Roßdorf"]
[BlackTeam "SV Groß-Gerau"]

1. e4 e6 2. b3 d5 3. Bb2 Nf6 4. e5 Nfd7 5. Qg4 c5 6. f4 Nc6 7. Nf3 g6 8. h4 h5
9. Qg3 Bh6 10. Be2 b6 11. O-O Ne7 12. Ng5 Nf5 13. Qh3 Qe7 14. Bd3 Bb7 15. Nc3
a6 16. Ne2 b5 17. Ng3 Nxg3 18. Qxg3 c4 19. Be2 Nc5 20. Ba3 Bxg5 21. Qxg5 Qxg5
22. hxg5 Ne4 23. d4 a5 24. bxc4 b4 25. Bb2 Ng3 26. Rfe1 Nxe2+ 27. Rxe2 dxc4 28.
c3 Kd7 29. Rb1 Ba6 30. a3 Rab8 31. Ree1 b3 32. Kf2 a4 33. Rh1 Bb7 34. Rh4 Be4
35. Rbh1 Bf5 36. Ke3 Kc6 37. R1h2 Kd5 1/2-1/2

[Event "Sparkassen-Open B"]
[Site "Heusenstamm, Martinsee"]
[Date "2016.11.27"]
[Round "3.2"]
[White "Lietzau, Olaf"]
[Black "Mehl, Ulrich"]
[Result "0-1"]
[WhiteElo "1728"]
[BlackElo "1556"]
[PlyCount "85"]
[EventDate "2016.??.??"]
[WhiteTeam "SC Obertshausen"]
[BlackTeam "FV Berkersheim"]

1. Nf3 d5 2. d3 c5 3. g3 Nf6 4. Bg2 Nc6 5. O-O Bg4 6. Nbd2 Qd7 7. Re1 Bh3 8.
Bh1 e6 9. e4 dxe4 10. dxe4 Be7 11. e5 Nd5 12. a3 O-O 13. c4 Nc7 14. Qb3 Rab8
15. Ne4 Rfd8 16. Bf4 b6 17. Red1 Qe8 18. Nd6 Qf8 19. Qc3 f6 20. Ne4 f5 21. Neg5
Bg4 22. Rxd8 Rxd8 23. h3 Bh5 24. h4 h6 25. Nh3 Rd7 26. Bg2 Qd8 27. Bf1 Nd4 28.
Nxd4 cxd4 29. Qd2 a5 30. Bd3 Bg4 31. Ng5 hxg5 32. hxg5 Qe8 33. Kg2 Qa8+ 34. Kg1
Rd8 35. Be2 Kf7 36. f3 Bxf3 37. Bxf3 Qxf3 38. Qh2 d3 39. Qh7 Bc5+ 40. Kh2 Qg4
41. Bd2 Bf2 42. Rf1 Qxg3+ 43. Kh1 0-1

[Event "Sparkassen-Open B"]
[Site "Heusenstamm, Martinsee"]
[Date "2016.11.27"]
[Round "3.5"]
[White "Mainka, Walter"]
[Black "Füssel, Jan Michael"]
[Result "1-0"]
[WhiteElo "1601"]
[BlackElo "1754"]
[PlyCount "147"]
[EventDate "2016.??.??"]
[WhiteTeam "SG Wächtersbach"]
[BlackTeam "VSG Offenbach"]

1. d4 d5 2. e3 Nf6 3. Nd2 Bf5 4. a3 e6 5. b4 Bd6 6. Bb2 O-O 7. c4 dxc4 8. Nxc4
Nbd7 9. Nf3 Ne4 10. Be2 Ndf6 11. O-O Nd5 12. Rc1 c6 13. Nfe5 Nb6 14. Nxb6 axb6
15. Nc4 Bc7 16. Bf3 b5 17. Nd2 Nxd2 18. Qxd2 Qh4 19. g3 Qh6 20. Qe2 Rfd8 21.
Rfd1 Bb6 22. Rd2 Qg6 23. Bg2 Be4 24. f3 Bd5 25. Qf2 Rd7 26. Bf1 Rad8 27. Kg2
Bb3 28. Bd3 Qg5 29. Rc3 Ba4 30. Bc2 Bxc2 31. Rcxc2 h5 32. h4 Qg6 33. Rc1 e5 34.
Rcd1 exd4 35. Bxd4 Bxd4 36. Rxd4 Rxd4 37. Rxd4 Rxd4 38. exd4 Qd3 39. Qb2 Kf8
40. Kf2 g6 41. Kg2 Ke7 42. Kf2 Kd6 43. Kg2 Kd5 44. Qa2+ Qc4 45. Qd2 Qxd4 46.
Qg5+ Qe5 47. Qd2+ Qd4 48. Qg5+ Kc4 49. Qc1+ Kb3 50. Kh3 Qf6 51. Qe3+ Ka2 52. g4
hxg4+ 53. fxg4 Qb2 54. h5 gxh5 55. gxh5 Qxa3 56. Qxa3+ Kxa3 57. h6 Kxb4 58. h7
c5 59. h8=Q c4 60. Qb2+ Ka4 61. Qc3 b4 62. Qxc4 Ka3 63. Qc1+ Ka2 64. Qc2+ Ka3
65. Qb1 b3 66. Kg4 b2 67. Kf5 b5 68. Kf6 b4 69. Kxf7 Kb3 70. Ke6 Kc3 71. Kd5
Kb3 72. Kc5 Ka3 73. Kc4 b3 74. Kc3 1-0

[Event "Sparkassen-Open B"]
[Site "Heusenstamm, Martinsee"]
[Date "2016.11.27"]
[Round "3.6"]
[White "Hübner, Kai"]
[Black "Hofmann, Werner"]
[Result "1/2-1/2"]
[WhiteElo "1734"]
[BlackElo "1626"]
[PlyCount "81"]
[EventDate "2016.??.??"]
[WhiteTeam "SC Flörsheim"]
[BlackTeam "SV Kelsterbach"]

1. d4 f5 2. Bf4 Nf6 3. e3 e6 4. Bd3 d5 5. Nf3 c6 6. c3 Bd6 7. Bxd6 Qxd6 8. Ne5
O-O 9. Nd2 Bd7 10. O-O Be8 11. f4 Bh5 12. Be2 Bxe2 13. Qxe2 Ne4 14. Nxe4 fxe4
15. Qh5 Nd7 16. Nxd7 Qxd7 17. Rf2 Rf5 18. Qh3 Raf8 19. Raf1 Qe7 20. Kh1 c5 21.
g4 R5f7 22. dxc5 Qxc5 23. g5 Rf5 24. Rg1 e5 25. Rg4 g6 26. Kg2 exf4 27. Rfxf4
Qe7 28. Qg3 Qe5 29. Rxf5 Qxg3+ 30. Rxg3 Rxf5 31. h4 b5 32. b4 a6 33. Kg1 Kf7
34. Rg2 Ke6 35. Rf2 Ke5 36. Kg2 Rf3 37. Rxf3 exf3+ 38. Kxf3 Kf5 39. a3 Ke5 40.
Kf2 Ke4 41. Ke2 1/2-1/2

[Event "Sparkassen-Open B"]
[Site "Heusenstamm, Martinsee"]
[Date "2016.11.27"]
[Round "3.7"]
[White "Burow, Roger"]
[Black "Mügendt, Brian Christopher"]
[Result "1-0"]
[WhiteElo "1610"]
[BlackElo "1720"]
[PlyCount "93"]
[EventDate "2016.??.??"]
[WhiteTeam "SV Kelsterbach"]
[BlackTeam "SC Heusenstamm"]

1. e4 c5 2. d4 e6 3. Nf3 cxd4 4. c3 dxc3 5. Nxc3 Nc6 6. Bc4 a6 7. a3 b5 8. Ba2
Be7 9. O-O g5 10. Be3 g4 11. Nd4 Ne5 12. Qe2 Nf6 13. Rfd1 Qa5 14. b4 Qc7 15.
Rac1 Qb8 16. Ndxb5 axb5 17. Nxb5 Bd8 18. Nd6+ Kf8 19. Bh6+ Kg8 20. Rxc8 Qa7 21.
Rxa8 Qxa8 22. Qb2 Ng6 23. b5 Be7 24. b6 Bxd6 25. Rxd6 Qxe4 26. Rd1 Nf4 27. Bxf4
Qxf4 28. b7 Kg7 29. Rxd7 Rb8 30. Bxe6 Rf8 31. Rd4 Qe5 32. Bc4 Re8 33. Rd2 Qxb2
34. Rxb2 Rb8 35. Bd3 Nd7 36. Be4 Re8 37. Bd3 Re1+ 38. Bf1 Re8 39. g3 Nb8 40.
Kg2 Re7 41. a4 Re5 42. Rb5 Re4 43. a5 Ra4 44. Rc5 Kf6 45. a6 Ke7 46. Rc8 Nd7
47. Bb5 1-0

[Event "Sparkassen-Open B"]
[Site "Heusenstamm, Martinsee"]
[Date "2016.11.27"]
[Round "3.8"]
[White "Meyer, Marcel"]
[Black "Urbach, Jens"]
[Result "1-0"]
[WhiteElo "1709"]
[BlackElo "1599"]
[PlyCount "73"]
[EventDate "2016.??.??"]
[WhiteTeam "SC Herborn"]
[BlackTeam "SF Frankfurt"]

1. d4 Nf6 2. c4 e6 3. Nc3 Bb4 4. e3 Bxc3+ 5. bxc3 O-O 6. Bd3 d5 7. cxd5 exd5 8.
Qc2 b6 9. Nf3 c5 10. a4 c4 11. Be2 Nc6 12. O-O Ne7 13. Nd2 Bf5 14. Qb2 Ng6 15.
a5 bxa5 16. Qa3 Qb8 17. Qxa5 a6 18. Re1 Rd8 19. f3 Rd6 20. e4 dxe4 21. Qxf5 Rd5
22. Qh3 Rh5 23. Qg3 Nf4 24. Nxe4 Nxe2+ 25. Rxe2 Nxe4 26. Qxb8+ Rxb8 27. Rxe4 f5
28. Re2 f4 29. Rxa6 Rb1 30. Re1 Rhb5 31. Bd2 h6 32. Rxb1 Rxb1+ 33. Kf2 Rb2 34.
Ke2 g5 35. Rxh6 Kg7 36. Rc6 g4 37. fxg4 1-0

[Event "Sparkassen-Open B"]
[Site "Heusenstamm, Martinsee"]
[Date "2016.11.27"]
[Round "3.9"]
[White "Bahr, Arne"]
[Black "Kellner, Günter"]
[Result "1-0"]
[WhiteElo "1702"]
[BlackElo "1587"]
[PlyCount "85"]
[EventDate "2016.??.??"]
[WhiteTeam "SG Turm Kiel"]
[BlackTeam "Obertshausen"]

1. f4 d5 2. b3 Nf6 3. e3 e6 4. Nf3 Nbd7 5. Bb2 Bd6 6. Bd3 Nc5 7. Be2 O-O 8. O-O
Ncd7 9. Ne5 Re8 10. Qe1 Bf8 11. d3 g6 12. g4 Nxe5 13. fxe5 Nd7 14. Nd2 Bh6 15.
Qg3 Bg5 16. Qf2 Rf8 17. Nf3 f6 18. h4 fxe5 19. hxg5 e4 20. dxe4 dxe4 21. Qh4
exf3 22. Bxf3 Qe7 23. Be2 b6 24. Rxf8+ Nxf8 25. Bf6 Qf7 26. Rf1 Qd7 27. Rd1 Qf7
28. Bf3 Rb8 29. Rd8 c5 30. Qg3 Rb7 31. Rxc8 Rd7 32. Qh2 a6 33. c4 Rd3 34. Qe2
Qd7 35. Rd8 Qxd8 36. Bxd8 Rxd8 37. Kf2 Kf7 38. Qb2 Ke7 39. Qf6+ Kd7 40. Qf7+
Kd6 41. Qf4+ Kd7 42. Qe4 Ke7 43. Ke2 1-0

[Event "Sparkassen-Open B"]
[Site "Heusenstamm, Martinsee"]
[Date "2016.11.27"]
[Round "3.10"]
[White "Plötz, Hans-Jürgen"]
[Black "Schneider, Kevin"]
[Result "1/2-1/2"]
[WhiteElo "1625"]
[BlackElo "1671"]
[PlyCount "33"]
[EventDate "2016.??.??"]
[WhiteTeam "SC Bad Nauheim"]
[BlackTeam "SC Breuberg"]

1. d4 Nf6 2. Nf3 e6 3. Bf4 d5 4. e3 Be7 5. c4 O-O 6. Nc3 b6 7. Be2 Bb7 8. h3 a6
9. O-O Nbd7 10. Rc1 dxc4 11. Bxc4 Rc8 12. a3 c5 13. dxc5 Nxc5 14. Qe2 b5 15.
Rfd1 Qb6 16. Ba2 Rfd8 17. b4 1/2-1/2

[Event "Sparkassen-Open B"]
[Site "Heusenstamm, Martinsee"]
[Date "2016.11.27"]
[Round "3.12"]
[White "Gade, Bernt"]
[Black "Schäfer, Gerhard"]
[Result "1-0"]
[WhiteElo "1259"]
[BlackElo "1648"]
[PlyCount "120"]
[EventDate "2016.??.??"]
[WhiteTeam "FV Berkersheim"]
[BlackTeam "SK Hofgeismar"]

1. e4 c5 2. Nf3 e6 3. d4 cxd4 4. Nxd4 a6 5. Nc3 Qc7 6. Bd3 Bc5 7. Be3 Nf6 8.
O-O b5 9. Qe2 Bb7 10. Nb3 Be7 11. f3 d5 12. exd5 Nxd5 13. Nxd5 Bxd5 14. Bd4 O-O
15. f4 Nd7 16. Rae1 Bf6 17. Bxf6 Nxf6 18. f5 Rfe8 19. Qf2 e5 20. c3 Rac8 21.
Rd1 Kh8 22. Rfe1 Re7 23. Qh4 Qb6+ 24. Kf1 Qb7 25. Rd2 e4 26. Rde2 Qd7 27. Nd2
Qxf5+ 28. Rf2 Qg4 29. Qxg4 Nxg4 30. Rf4 e3 31. Nf3 Bxf3 32. gxf3 e2+ 33. Rxe2
Rxe2 34. Bxe2 Ne3+ 35. Kf2 Nd5 36. Rxf7 Kg8 37. Rd7 Rc5 38. b4 Rxc3 39. Rxd5
Ra3 40. Rd2 Kf7 41. Bd3 h6 42. Ke2 Ke6 43. Be4 Rc3 44. Rc2 Ra3 45. Kd2 Ke5 46.
Kc1 Ra4 47. Rb2 Ra3 48. Kb1 Re3 49. Bb7 Kd4 50. Rc2 g5 51. h3 Re6 52. Kc1 Ke3
53. Rc6 Rxc6+ 54. Bxc6 Kd3 55. Kb2 Kc4 56. a3 Kd3 57. Bb7 Ke3 58. Bxa6 Kxf3 59.
Bxb5 Kg2 60. Bd7 h5 1-0

[Event "Sparkassen-Open B"]
[Site "Heusenstamm, Martinsee"]
[Date "2016.11.27"]
[Round "3.13"]
[White "Kirchner, Stefan"]
[Black "Strate, Wolfgang"]
[Result "1-0"]
[WhiteElo "1509"]
[BlackElo "1637"]
[PlyCount "51"]
[EventDate "2016.??.??"]
[WhiteTeam "SF Schöneck"]
[BlackTeam "SC Eschbach"]

1. e4 d5 2. exd5 Nf6 3. Nf3 Qxd5 4. Nc3 Qd8 5. d4 Bg4 6. Be2 e6 7. Bg5 Be7 8.
Qd2 Nbd7 9. h3 Bxf3 10. Bxf3 c6 11. O-O O-O 12. Rfe1 h6 13. Bf4 Rc8 14. Ne4
Nxe4 15. Bxe4 Nf6 16. Bd3 Bd6 17. Bxh6 gxh6 18. Qxh6 Re8 19. Re3 Nd5 20. Bh7+
Kh8 21. Rf3 Bf8 22. Qh5 Nf6 23. Rxf6 Qxf6 24. Bg6+ Bh6 25. Qxh6+ Kg8 26. Bh7+
1-0

[Event "Sparkassen-Open B"]
[Site "Heusenstamm, Martinsee"]
[Date "2016.11.27"]
[Round "3.14"]
[White "Bayer, Melissa"]
[Black "Rupp, Arnim"]
[Result "0-1"]
[WhiteElo "1552"]
[BlackElo "1280"]
[PlyCount "142"]
[EventDate "2016.??.??"]
[WhiteTeam "SK Gründau"]
[BlackTeam "SC Eschborn"]

1. e4 d5 2. exd5 Nf6 3. Nf3 Bg4 4. d4 Nxd5 5. Bc4 Nc6 6. Bb5 Qd6 7. h3 Bh5 8.
c3 a6 9. Ba4 b5 10. g4 bxa4 11. gxh5 Qe6+ 12. Qe2 Qxe2+ 13. Kxe2 Nf6 14. Bf4
O-O-O 15. h6 g6 16. Nbd2 Rd5 17. Be5 Bxh6 18. Bxf6 exf6 19. Ne4 Re8 20. Kd3 Rf5
21. Nh2 Bg7 22. Rae1 Kd8 23. Re2 Ra5 24. Nc5 Rxe2 25. Kxe2 Kc8 26. b4 axb3 27.
axb3 Bf8 28. Na4 h5 29. Re1 f5 30. Nf3 Bh6 31. Kd3 Kd7 32. Nd2 Bxd2 33. Kxd2
Kd8 34. f4 Ne7 35. c4 Nc8 36. Kc3 Nb6 37. Nc5 Ra2 38. Rf1 Nd7 39. Nd3 Nf6 40.
Nb2 Ne4+ 41. Kc2 f6 42. Rg1 g5 43. fxg5 fxg5 44. h4 g4 45. Rf1 Ng3 46. Rf2 Ra1
47. Nd1 Ra2+ 48. Kd3 Rxf2 49. Nxf2 Ke7 50. Ke3 Kf6 51. Nd3 Nf1+ 52. Kf2 Nd2 53.
Nc1 f4 54. Ke2 Ne4 55. Nd3 Kf5 56. d5 g3 57. Ne1 Kg4 58. Nd3 g2 59. Ne5+ Kg3
60. Nf3 Nc3+ 61. Kd3 Kxf3 62. Kxc3 g1=Q 63. Kb4 Ke4 64. Ka5 Qb6+ 65. Ka4 f3 66.
b4 f2 67. c5 Qf6 68. d6 cxd6 69. c6 f1=Q 70. Ka3 Qc3+ 71. Ka4 Qfa1# 0-1

[Event "Sparkassen-Open B"]
[Site "Heusenstamm, Martinsee"]
[Date "2016.11.27"]
[Round "3.15"]
[White "Bayer, Martin"]
[Black "Herdt, Werner"]
[Result "1-0"]
[WhiteElo "1765"]
[BlackElo "1404"]
[PlyCount "95"]
[EventDate "2016.??.??"]
[WhiteTeam "SK Gründau"]
[BlackTeam "SF Heusenstamm"]

1. e4 c5 2. Nf3 d6 3. d4 cxd4 4. Nxd4 Nf6 5. Nc3 a6 6. Be2 e6 7. Be3 Be7 8. O-O
O-O 9. f4 Nc6 10. Qd2 Nxd4 11. Bxd4 b5 12. a3 Qc7 13. Bf3 e5 14. Bf2 Bb7 15. f5
Rfd8 16. Rad1 Bc6 17. g4 Qb7 18. Qe3 h6 19. h4 Nh7 20. Kh2 f6 21. Rd2 Rd7 22.
Rfd1 Rad8 23. Nd5 Bxd5 24. Rxd5 Kh8 25. Qb6 Qxb6 26. Bxb6 Rc8 27. c3 Rc6 28.
Bc5 Nf8 29. Be3 Bd8 30. g5 fxg5 31. Bh5 Kh7 32. Be8 Be7 33. hxg5 Bxg5 34. Bxg5
hxg5 35. Bxd7 Nxd7 36. Rxd6 Rxd6 37. Rxd6 Nf6 38. Rxa6 Nxe4 39. Rb6 Nd2 40.
Rxb5 e4 41. a4 e3 42. Kg2 g4 43. a5 Nf3 44. Rb8 e2 45. Re8 e1=Q 46. Rxe1 Nxe1+
47. Kg3 Nd3 48. a6 1-0

[Event "Sparkassen-Open B"]
[Site "Heusenstamm, Martinsee"]
[Date "2016.11.27"]
[Round "3.16"]
[White "Schneider, Udo"]
[Black "Troeger, Beate"]
[Result "1-0"]
[WhiteElo "1762"]
[BlackElo "1499"]
[PlyCount "95"]
[EventDate "2016.??.??"]
[WhiteTeam "SK Marburg"]
[BlackTeam "Vorw.Orient Mainz"]

1. d4 d6 2. c4 g6 3. g3 Bg7 4. Bg2 Nf6 5. Nc3 O-O 6. Nf3 Nbd7 7. O-O Rb8 8. Qc2
c6 9. a4 a5 10. h3 Nb6 11. b3 Ne8 12. Bf4 Nc7 13. Rad1 Na6 14. Qd2 Nb4 15. e4
Ra8 16. Na2 Nxa2 17. Qxa2 Qe8 18. Be3 Nd7 19. Rfe1 c5 20. Qc2 cxd4 21. Bxd4
Bxd4 22. Nxd4 Nc5 23. Nb5 Na6 24. e5 dxe5 25. Rxe5 f6 26. Re3 Qf7 27. Qe2 e5
28. Nd6 Qe7 29. f4 Qc7 30. fxe5 Qc5 31. Kh2 fxe5 32. Rxe5 Qf2 33. Qxf2 Rxf2 34.
Re8+ Rf8 35. Rxf8+ Kxf8 36. Nxc8 Nc5 37. Nb6 Re8 38. Nd7+ Nxd7 39. Rxd7 b6 40.
Rd6 Rb8 41. Bd5 Ke7 42. Re6+ Kd7 43. Rf6 Kc7 44. g4 Re8 45. Rc6+ Kd8 46. Rxb6
Re2+ 47. Kg3 Re3+ 48. Kh4 1-0

[Event "Sparkassen-Open B"]
[Site "Heusenstamm, Martinsee"]
[Date "2016.11.27"]
[Round "3.17"]
[White "Klikic, Drazen"]
[Black "Künitz, Klaus"]
[Result "1/2-1/2"]
[WhiteElo "1497"]
[BlackElo "1757"]
[PlyCount "50"]
[EventDate "2016.??.??"]
[WhiteTeam "SC Nied"]
[BlackTeam "TSV Schott Mainz"]

1. e4 e6 2. d4 d5 3. e5 c5 4. c3 Nc6 5. Nf3 Bd7 6. Na3 cxd4 7. cxd4 Bb4+ 8. Bd2
Qa5 9. Nc2 Bxd2+ 10. Qxd2 Qxd2+ 11. Nxd2 Nge7 12. Bd3 g6 13. Ne3 O-O 14. Ng4
Kg7 15. Nf6 Rfd8 16. Nb3 Nb4 17. Kd2 Nxd3 18. Kxd3 Bb5+ 19. Kd2 b6 20. Rac1 Bc4
21. Rc3 Rac8 22. Rhc1 Bxb3 23. Rxc8 Rxc8 24. Rxc8 Nxc8 25. axb3 h5 1/2-1/2

[Event "Sparkassen-Open B"]
[Site "Heusenstamm, Martinsee"]
[Date "2016.11.27"]
[Round "3.18"]
[White "Schlömer, Andreas"]
[Black "Giebitz, Walter"]
[Result "1-0"]
[WhiteElo "1756"]
[BlackElo "1495"]
[PlyCount "51"]
[EventDate "2016.??.??"]
[WhiteTeam "SK Upland Willingen"]
[BlackTeam "SC Steinbach"]

1. c4 e5 2. Nc3 Nf6 3. g3 d5 4. cxd5 Nxd5 5. Bg2 c6 6. d3 Bb4 7. Bd2 O-O 8. Nf3
Re8 9. O-O Bg4 10. a3 Ba5 11. b4 Bb6 12. Qc2 Nxc3 13. Bxc3 Bxf3 14. Bxf3 Bd4
15. Rfd1 Na6 16. b5 cxb5 17. Bxd4 Rc8 18. Bc3 Qc7 19. Rdc1 Nc5 20. Bb4 b6 21.
Bxc5 bxc5 22. Bg4 Rb8 23. Qxc5 Qb7 24. Bf3 Qd7 25. Bc6 Qe7 26. Bxe8 1-0

[Event "Sparkassen-Open B"]
[Site "Heusenstamm, Martinsee"]
[Date "2016.11.27"]
[Round "3.19"]
[White "Prümm, Stephan"]
[Black "Hauk, Roland"]
[Result "1/2-1/2"]
[WhiteElo "1482"]
[BlackElo "1739"]
[PlyCount "58"]
[EventDate "2016.??.??"]
[WhiteTeam "SC Heusenstamm"]
[BlackTeam "SK Endingen"]

1. e4 e6 2. d4 d5 3. exd5 exd5 4. Nf3 Bd6 5. Nc3 c6 6. Be2 Ne7 7. Be3 Qc7 8.
Bd3 Bg4 9. h3 Bh5 10. Qe2 Nd7 11. a3 O-O-O 12. b4 f5 13. b5 c5 14. dxc5 Bxc5
15. b6 axb6 16. Nb5 Qb8 17. Qd2 Bxe3 18. Qxe3 Nc6 19. Kd2 Bxf3 20. Qxf3 g6 21.
Qxd5 Nc5 22. Qf3 Ne4+ 23. Kc1 Nd4 24. Nxd4 Rxd4 25. Bxe4 Rxe4 26. Qc3+ Kd7 27.
Rd1+ Ke7 28. Rb1 Qf4+ 29. Kb2 Rf8 1/2-1/2

[Event "Sparkassen-Open B"]
[Site "Heusenstamm, Martinsee"]
[Date "2016.11.27"]
[Round "3.20"]
[White "Held, Gerd"]
[Black "Krastev, Ivan"]
[Result "0-1"]
[WhiteElo "1464"]
[BlackElo "1732"]
[PlyCount "48"]
[EventDate "2016.??.??"]
[WhiteTeam "SC Groß-Zimmern"]
[BlackTeam "Biebertaler SF"]

1. c4 Nf6 2. g3 g6 3. Bg2 Bg7 4. Nf3 c5 5. d3 Nc6 6. O-O O-O 7. a3 e6 8. Nc3 d5
9. cxd5 exd5 10. Rb1 Be6 11. Bd2 Qd7 12. Re1 Rad8 13. e3 Bg4 14. Ne2 c4 15. d4
Ne4 16. Bc1 Qf5 17. Nc3 Nxc3 18. e4 dxe4 19. Qc2 exf3 20. Qxf5 gxf5 21. bxc3
fxg2 22. Kxg2 b6 23. h3 Bh5 24. Be3 Bg6 0-1

[Event "Sparkassen-Open B"]
[Site "Heusenstamm, Martinsee"]
[Date "2016.11.27"]
[Round "3.21"]
[White "Tiggemann, Felix"]
[Black "Held, Maurice"]
[Result "0-1"]
[WhiteElo "1448"]
[BlackElo "1707"]
[PlyCount "50"]
[EventDate "2016.??.??"]
[WhiteTeam "SF Schöneck"]
[BlackTeam "SC Ladja Roßdorf"]

1. e4 g6 2. d4 Bg7 3. Nf3 c5 4. d5 d6 5. c4 Nf6 6. Nc3 Bg4 7. Be2 Nbd7 8. h3
Bxf3 9. Bxf3 O-O 10. O-O a6 11. a4 Ne8 12. Bf4 Nc7 13. Re1 Rb8 14. Qb3 Ne5 15.
Rad1 Nxf3+ 16. gxf3 Qd7 17. Kg2 b5 18. axb5 axb5 19. cxb5 Nxb5 20. Qc2 Nd4 21.
Qd2 Rb3 22. Rb1 Rfb8 23. Rec1 Qb7 24. Nd1 Nxf3 25. Be3 Nxd2 0-1

[Event "Sparkassen-Open B"]
[Site "Heusenstamm, Martinsee"]
[Date "2016.11.27"]
[Round "3.22"]
[White "Fritsch, Reinhold"]
[Black "Kail, Thomas"]
[Result "1/2-1/2"]
[WhiteElo "1441"]
[BlackElo "1658"]
[PlyCount "67"]
[EventDate "2016.??.??"]
[WhiteTeam "SC Somborn"]
[BlackTeam "SK Klingenberg"]

1. e4 Nc6 2. Nc3 d6 3. Bc4 e6 4. d4 a6 5. a3 b5 6. Ba2 Bb7 7. b4 g6 8. Nf3 Bg7
9. Bb2 Nge7 10. O-O Qd7 11. Ne2 O-O 12. Rb1 d5 13. e5 Nf5 14. Nf4 Nce7 15. Nd3
Nc6 16. Nc5 Qc8 17. Bc1 Nd8 18. c3 Bc6 19. Ne1 Nb7 20. Ned3 a5 21. Ra1 Nxc5 22.
Nxc5 Be8 23. Bf4 c6 24. Bb3 a4 25. Bc2 Ra7 26. Qg4 Bh6 27. Bxh6 Nxh6 28. Qg5
Nf5 29. g4 Ng7 30. h4 Bd7 31. Qe3 Qd8 32. Qg3 Bc8 33. Kg2 f5 34. g5 1/2-1/2

[Event "Sparkassen-Open B"]
[Site "Heusenstamm, Martinsee"]
[Date "2016.11.27"]
[Round "3.23"]
[White "Spill, Werner"]
[Black "Kremenetskiy, Igor"]
[Result "0-1"]
[WhiteElo "1436"]
[BlackElo "1633"]
[PlyCount "78"]
[EventDate "2016.??.??"]
[WhiteTeam "SC Königsspringer Alzenau"]
[BlackTeam "SF Heusenstamm"]

1. Nc3 Nf6 2. e4 d6 3. f4 Bg4 4. Be2 Bxe2 5. Qxe2 Nc6 6. Nf3 e6 7. a3 Be7 8.
O-O O-O 9. d3 a6 10. Kh1 Kh8 11. Bd2 g6 12. Qf2 d5 13. e5 Nd7 14. d4 Na7 15. b4
Nb6 16. Ne2 Nc4 17. Bc1 b5 18. Qg3 Nc6 19. Qh3 Rg8 20. Ng5 Bxg5 21. fxg5 Qf8
22. Qf3 Nd8 23. Qg4 a5 24. c3 axb4 25. cxb4 Nc6 26. Rb1 Nxa3 27. Ra1 Nc4 28.
Rxa8 Qxa8 29. Qf3 Rg7 30. h4 Qf8 31. Qf6 Kg8 32. Rf3 Qxb4 33. Nf4 Qe1+ 34. Kh2
Qxh4+ 35. Rh3 Qg4 36. Nd3 Kf8 37. Rf3 Qxd4 38. Nb4 N4a5 39. Rf4 Qxe5 0-1

[Event "Sparkassen-Open B"]
[Site "Heusenstamm, Martinsee"]
[Date "2016.11.27"]
[Round "3.24"]
[White "Basovskiy, Jana"]
[Black "Gruber, Marcel"]
[Result "0-1"]
[WhiteElo "1571"]
[BlackElo "1431"]
[PlyCount "80"]
[EventDate "2016.??.??"]
[WhiteTeam "SK Mannheim"]
[BlackTeam "Vorw.Orient Mainz"]

1. e4 c5 2. Nf3 Nc6 3. g3 g6 4. Bg2 Bg7 5. O-O d6 6. c3 Nf6 7. Re1 O-O 8. d3
Bd7 9. Nbd2 Ng4 10. h4 h5 11. Nf1 Qc8 12. Bf4 Nge5 13. Ne3 Nxf3+ 14. Bxf3 e5
15. Bg5 f6 16. Bxf6 Bxf6 17. Qe2 Be6 18. a4 Qd7 19. Red1 Qf7 20. Bg2 Rad8 21.
Rd2 Ne7 22. Rad1 d5 23. exd5 Nxd5 24. Nc4 Rfe8 25. Qe1 Nb6 26. Nxb6 axb6 27. c4
Rd4 28. Qe2 Red8 29. Be4 Kg7 30. b3 Qd7 31. Re1 Bf5 32. Bd5 Re8 33. Red1 Rxd5
34. cxd5 Qxd5 35. Rb1 Rd8 36. Qe3 e4 37. Rdd1 exd3 38. b4 c4 39. Qxb6 c3 40.
Rbc1 Bh3 0-1

[Event "Sparkassen-Open B"]
[Site "Heusenstamm, Martinsee"]
[Date "2016.11.27"]
[Round "3.25"]
[White "Wöhl, Torsten"]
[Black "Martin, Lukas"]
[Result "1/2-1/2"]
[WhiteElo "1586"]
[BlackElo "1421"]
[PlyCount "49"]
[EventDate "2016.??.??"]
[WhiteTeam "SC Groß-Zimmern"]
[BlackTeam "SC Bad Soden"]

1. d4 d5 2. Bf4 Nf6 3. e3 g6 4. Nf3 Bg7 5. c3 O-O 6. Nbd2 Nbd7 7. h3 e6 8. Be2
b6 9. a4 c5 10. O-O a5 11. Bg5 Re8 12. Bb5 Ba6 13. Qe2 Bxb5 14. Qxb5 Qc7 15.
Bf4 Qb7 16. dxc5 Nxc5 17. Ne5 Nfd7 18. Nxd7 Qxd7 19. Qxd7 Nxd7 20. Ra3 Be5 21.
Bxe5 Nxe5 22. e4 dxe4 23. Nxe4 Nc4 24. Rb3 Kg7 25. Rd1 1/2-1/2

[Event "Sparkassen-Open B"]
[Site "Heusenstamm, Martinsee"]
[Date "2016.11.27"]
[Round "3.26"]
[White "Brunner, Andreas"]
[Black "Ketting, Douwe"]
[Result "1/2-1/2"]
[WhiteElo "1413"]
[BlackElo "1584"]
[PlyCount "40"]
[EventDate "2016.??.??"]
[WhiteTeam "FV Berkersheim"]
[BlackTeam "SC Somborn"]

1. d4 Nf6 2. e3 g6 3. c4 Bg7 4. Nf3 O-O 5. b3 c5 6. Bb2 cxd4 7. exd4 d5 8. Be2
Nc6 9. O-O e5 10. dxe5 Ng4 11. Qxd5 Qxd5 12. cxd5 Ncxe5 13. Nd4 Nf6 14. d6 Rd8
15. Nb5 Ne8 16. Kh1 a6 17. Nc7 Nxc7 18. dxc7 Rd7 19. f4 Nc6 20. Bxg7 Kxg7
1/2-1/2

[Event "Sparkassen-Open B"]
[Site "Heusenstamm, Martinsee"]
[Date "2016.11.27"]
[Round "3.27"]
[White "Lachmann, Irma"]
[Black "Hagner, Bennet"]
[Result "0-1"]
[WhiteElo "734"]
[BlackElo "1543"]
[PlyCount "50"]
[EventDate "2016.??.??"]
[WhiteTeam "FV Berkersheim"]
[BlackTeam "Frankfurter TV"]

1. d4 d5 2. Nf3 c5 3. Bf4 Nc6 4. c3 e6 5. Nbd2 Qb6 6. Qc2 Nf6 7. h3 Bd7 8. e3
Rc8 9. c4 cxd4 10. exd4 Nxd4 11. Qc3 Nxf3+ 12. Nxf3 Bb4 13. Be3 Bxc3+ 14. bxc3
Qb2 15. Rc1 Ne4 16. Be2 Nxc3 17. Bd2 Nxe2 18. Kxe2 Rxc4 19. Rhd1 Bb5 20. Kf1
Rxc1+ 21. Ke1 Rxd1+ 22. Kxd1 O-O 23. Ne1 Qb1+ 24. Bc1 Rc8 25. Kd2 Qxc1# 0-1

[Event "Sparkassen-Open B"]
[Site "Heusenstamm, Martinsee"]
[Date "2016.11.27"]
[Round "3.28"]
[White "Mook, Karl-Jürgen"]
[Black "Westhof, Benedikt"]
[Result "0-1"]
[WhiteElo "1535"]
[BlackElo "1364"]
[PlyCount "140"]
[EventDate "2016.??.??"]
[WhiteTeam "SC Sulzbach"]
[BlackTeam "SC Heusenstamm"]

1. Nf3 Nf6 2. d4 d5 3. c4 e6 4. e3 c5 5. cxd5 Nxd5 6. a3 Nc6 7. Nc3 cxd4 8.
Nxd5 Qxd5 9. exd4 g6 10. b4 Bg7 11. Bb2 O-O 12. Rc1 Rd8 13. Bc4 Qe4+ 14. Qe2
Qxe2+ 15. Bxe2 Nxd4 16. Nxd4 Bxd4 17. Bxd4 Rxd4 18. O-O b6 19. Bf3 Rb8 20. Rc7
a5 21. Rfc1 Ba6 22. bxa5 Ra4 23. R7c3 bxa5 24. g3 Rb2 25. Bc6 Bb5 26. Bxb5 Rxb5
27. R1c2 Rb1+ 28. Kg2 Ra1 29. Rc8+ Kg7 30. Ra8 R4xa3 31. Rcc8 Rd3 32. g4 Rd4
33. h3 Rd5 34. h4 h6 35. Rg8+ Kf6 36. Rh8 h5 37. g5+ Ke5 38. Rhf8 Rd7 39. Ra6
Kf4 40. Rfa8 Rd5 41. Rf8 Rf5 42. Ra7 Kg4 43. Rfxf7 Kxh4 44. f4 Kg4 45. Rf6 Ra2+
46. Kf1 Rd5 47. Rxe6 Rd1+ 48. Re1 Rxe1+ 49. Kxe1 Kxf4 50. Rb7 Kxg5 51. Rb5+ Kh6
52. Rb6 h4 53. Rb3 Kh5 54. Re3 g5 55. Kf1 a4 56. Kg1 a3 57. Rb3 g4 58. Rb5+ Kg6
59. Rb6+ Kf5 60. Rb5+ Kf4 61. Rb4+ Kf3 62. Rb1 Rb2 63. Rf1+ Kg3 64. Rc1 Rf2 65.
Rc3+ Rf3 66. Rc2 h3 67. Rh2 Rc3 68. Rf2 Rc1+ 69. Rf1 Rxf1+ 70. Kxf1 a2 0-1

[Event "Sparkassen-Open B"]
[Site "Heusenstamm, Martinsee"]
[Date "2016.11.27"]
[Round "3.31"]
[White "Bjoerknes, Uwe"]
[Black "Senatov, Boris"]
[Result "0-1"]
[WhiteElo "1748"]
[BlackElo "1404"]
[PlyCount "36"]
[EventDate "2016.??.??"]
[WhiteTeam "SC Bergen-Enkheim"]
[BlackTeam "SC Heusenstamm"]

1. e4 c5 2. Nf3 e6 3. c3 d5 4. e5 Nc6 5. d4 cxd4 6. cxd4 Nge7 7. Na3 Nf5 8. Nc2
Qb6 9. Bd3 Bd7 10. Bxf5 exf5 11. O-O Be7 12. Ne3 Be6 13. Qd3 g6 14. b3 Rc8 15.
Bb2 Nb4 16. Qd2 f4 17. Nd1 Rc2 18. Qxf4 Nd3 0-1